000 01660cam a22004454i 4500
003 PE-LiUPU
005 20250731173437.0
008 150616s r 000 0 d
040 _aPE-LiUPU
_bspa
_cPE-LiUPU
_erda
049 _aPRUA
082 0 4 _a284.2
_bC168i
_221
100 1 _aCalvino, Juan,
_eautor.
245 1 0 _aInstitución de la Religión Cristiana /
_cJuan Calvino; traducida y publicada por Cipriano de Valera en 1597. Reeditada por Luis Usoz y Río en 1858. Nueva edición revisada en 1967.
264 1 _aBarcelona :
_bRomanya Valls S.A.,
_c1999.
300 _a1262 páginas ;
_c23 cm.
336 _atext
_2rdacontent
337 _aunmediated
_2rdamedia
338 _avolume
_2rdacarrier
504 _aIncluye referencias bíblicas.
505 0 _aConocimiento de Dios en cuanto es creador y supremo gobernador de todo el mundo.- Dios como Redentor en Cristo.- Participación de la gracia de Jesucristo.- Medios externos de los que Dios se sirve para llamarnos a la compañía de su Hijo.
526 _aSEG42
526 _aSEG41
526 _aSEG40
526 _aSEG39
526 _aP94
526 _aP87
526 _aP86
526 _aP85
526 _aP77
526 _aP76
526 _aP35
650 1 4 _aEspíritu Santo.
_91618
650 2 4 _aJustificación por la fe.
650 2 4 _aCristianismo y gobierno civil.
910 _ajck
942 _2ddc
_cBK
949 _a284.2 V21 2
_wDEWEY
_c1
_i39502
_lCCODEBUL1
_mBUL
_p00.00
_r0
_sY
_tBOOK
_u19950917
_xTEOLOGIA
_zUNKNOWN
_0COMPRA
_o.STAFF. Colección General
980 _81
_gALBERTO SANCHEZ Responsable de Automatización
999 _c56598
_d56598